| 000 | 01415cam a22003374a 4500 | ||
|---|---|---|---|
| 001 | 12087140 | ||
| 005 | 20170105102353.0 | ||
| 008 | 000630s2001 nyua b 001 0 eng | ||
| 010 | _a 00058171 | ||
| 020 | _a0780360214 | ||
| 040 |
_aDLC _cDLC _dDLC |
||
| 042 | _apcc | ||
| 050 | 0 | 0 |
_aTJ213.7 _b.C66 2001 |
| 082 | 0 | 0 |
_a629.8 _221 |
| 245 | 0 | 0 |
_aControl theory : twenty-five seminal papers (1931-1981) _btwenty-five seminal papers (1931-1981) _cTamer Başar. |
| 260 |
_aNew York : _bIEEE Press, _cc2001. |
||
| 300 |
_aviii, 523 p. : _bill. ; _c29 cm. |
||
| 500 | _a"IEEE Control Systems Society, sponsor." | ||
| 500 | _a"A selected reprint volume." | ||
| 504 | _aIncludes bibliographical references and index. | ||
| 650 | 0 | _aAutomatic control. | |
| 650 | 0 | _aControl theory. | |
| 700 | 1 | _aBaşar, Tamer. | |
| 710 | 2 | _aIEEE Control Systems Society. | |
| 856 | 4 | 2 |
_3Contributor biographical information _uhttp://www.loc.gov/catdir/bios/wiley044/00058171.html |
| 856 | 4 | 2 |
_3Publisher description _uhttp://www.loc.gov/catdir/description/wiley037/00058171.html |
| 856 | 4 |
_3Table of Contents _uhttp://www.loc.gov/catdir/toc/onix07/00058171.html |
|
| 906 |
_a0 _bvip _corignew _d1 _eocip _f20 _gy-gencatlg |
||
| 942 |
_2ddc _cBK |
||
| 999 |
_c12043 _d12043 |
||